Проектирование внешних запоминающих устройств на подвижных носителях: тезисы докладов Всесоюзной конференции, 8-9 сентября 1988 г. г. Пенза

Dades bibliogràfiques
Autor corporatiu: Проектирование внешних запоминающих устройств на подвижных носителях
Altres autors: Князев Г. И. (редактор)
Idioma:rus
Publicat: Пенза, 1988
Matèries:
Format: MixedMaterials Llibre
KOHA link:https://koha.lib.tpu.ru/cgi-bin/koha/opac-detail.pl?biblionumber=248520

MARC

LEADER 00000nam0a2200000 4500
001 248520
005 20231031212523.0
020 |a RU  |b 88-64207 
035 |a (RuTPU)RU\TPU\book\270331 
090 |a 248520 
100 |a 20140123d1988 k a0rusy5003 ca 
101 0 |a rus 
102 |a RU 
105 |a y z 100zy 
200 1 |a Проектирование внешних запоминающих устройств на подвижных носителях  |e тезисы докладов Всесоюзной конференции, 8-9 сентября 1988 г. г. Пенза  |f под ред. Г. И. Князева 
210 |a Пенза  |d 1988 
215 |a 176 с. 
606 1 |a Запоминающие устройства магнитные  |x Надежность  |2 stltpush  |3 (RuTPU)RU\TPU\subj\11335 
610 1 |a вычислительные машины 
610 1 |a электронные машины 
610 1 |a проектирование 
610 1 |a конференции 
610 1 |a носители 
610 1 |a носители информации 
610 1 |a позиционирование 
610 1 |a модификации 
610 1 |a магнитные свойства 
610 1 |a магнитные диски 
675 |a 681.327.6(063)  |z rus 
702 1 |a Князев  |b Г. И.  |4 340 
712 1 2 |a Проектирование внешних запоминающих устройств на подвижных носителях  |c конференция  |e Пенза  |f !988 
801 0 |a RU  |b RuMRKP  |c 19960705  |g psbo 
801 1 |a RU  |b 63413507  |c 20140123 
801 2 |a RU  |b 63413507  |c 20140130  |g RCR 
942 |c BK